[Event "BIH-chT 16th"]
[Site "Sarajevo"]
[Date "2017.08.26"]
[Round "3.1"]
[White "Mitrovic, Jovica"]
[Black "Bojo, Leon"]
[Result "0-1"]
[WhiteElo "2177"]
[BlackElo "1835"]
[PlyCount "74"]
[EventDate "2017.08.24"]
[EventType "team-tourn"]
[EventRounds "9"]
[EventCountry "BIH"]
[SourceTitle "CBM 180 Extra"]
[Source "ChessBase"]
[SourceDate "2017.10.06"]
[SourceVersion "1"]
[SourceVersionDate "2017.10.06"]
[SourceQuality "1"]
[WhiteTeam "Bratunac"]
[BlackTeam "Kiseljak"]
[WhiteTeamCountry "BIH"]
[BlackTeamCountry "BIH"]

1. e4 c6 2. d4 d5 3. Nd2 dxe4 4. Nxe4 Bf5 5. Ng3 Bg6 6. Nf3 Nd7 7. h4 h6 8. h5 Bh7 9. Bd3 Bxd3 10. Qxd3 e6 11. Ne4 Ngf6 12. Bd2 Nxe4 13. Qxe4 Nf6 14. Qe2 Be7 15. 0-0-0 a5 16. Kb1 a4 17. Ne5 a3 18. Bc1 axb2 19. Bxb2 Qa5 20. Rd3 Qxa2+ 21. Kc1 Ba3 22. Bxa3 Rxa3 23. Kd2 0-0 24. Rxa3 Qxa3 25. Qd3 Qd6 26. Nc4 Qd5 27. Ne3 Qa5+ 28. Ke2 Rd8 29. g4 c5 30. c3 cxd4 31. cxd4 Qg5 32. Rg1 Qf4 33. Nc2 Nd5 34. Qf3 Qc7 35. Rc1 Qc4+ 36. Kd2 Rc8 37. Qa3 Nc3 0-1